[Event "AUS-ch Major"]
[Site "Parramatta"]
[Date "2008.01.11"]
[Round "11"]
[White "Rose, Adrian"]
[Black "Myers, Stephen P"]
[Result "0-1"]
[WhiteElo "2081"]
[BlackElo "1591"]
[PlyCount "94"]
[EventDate "2008.01.02"]
[EventType "swiss"]
[EventRounds "11"]
[EventCountry "AUS"]
[SourceTitle "EXT 2010"]
[Source "ChessBase"]
[SourceDate "2010.11.25"]
[SourceVersion "1"]
[SourceVersionDate "2010.11.25"]
[SourceQuality "1"]

1. e4 c5 2. Nf3 Nc6 3. d4 cxd4 4. Nxd4 g6 5. Be3 Nf6 6. Nc3 Bg7 7. Bc4 0-0 8. 0-0 d6 9. h3 Qa5 10. a3 a6 11. Nxc6 bxc6 12. Qd2 Bb7 13. b4 Qc7 14. Bh6 d5 15. Bxg7 Kxg7 16. exd5 cxd5 17. Bb3 Rac8 18. Na4 Ne4 19. Qd4+ e5 20. Qb6 Nd2 21. Qxc7 Rxc7 22. Rfe1 Nxb3 23. cxb3 f6 24. Nc5 Bc8 25. Rac1 Kf7 26. a4 Rc6 27. Nd3 Rb6 28. Rc7+ Kg8 29. Rec1 Bf5 30. a5 Rb5 31. Nc5 Rxb4 32. Nxa6 Rxb3 33. Nc5 Ra3 34. a6 Ra8 35. g4 Bc8 36. Nb7 Be6 37. Re7 R3xa6 38. Rcc7 d4 39. Nc5 Ra1+ 40. Kh2 Bd5 41. Nd7 Rh1+ 42. Kg3 Ra3+ 43. f3 Rxf3+ 44. Kg2 Rff1+ 45. Kg3 Rfg1+ 46. Kh4 g5+ 47. Kh5 Rxh3# 0-1